El cuerpo humano : (Registro nro. 37457)
[ vista simple ]
| 000 -CABECERA | |
|---|---|
| Longitud fija campo de control | 01088nam a2200277 a 4500 |
| 003 - • IDENTIFICADOR DELl NÚMERO DE CONTROL | |
| Identificador del número de control | CO-ViMGA |
| 005 - • FECHA Y HORA DE LA ÚLTIMA TRANSACCIÓN | |
| Fecha y hora de la última transacción | 20230915234236.0 |
| 008 - • CÓDIGOS DE INFORMACIÓN DE LONGITUD FIJA | |
| Códigos de información de longitud fija | 120928s2011 at a gr 00010 spa d |
| 020 ## - • NÚMERO INTERNACIONAL NORMALIZADO PARA LIBROS | |
| Número Internacional Normalizado para Libros (ISBN) | 9789583037283 |
| 040 ## - FUENTE DE LA CATALOGACIÓN | |
| Centro catalogador de origen | CO-ViMGA |
| Lengua de catalogación | spa |
| Centro transcriptor | CO-ViMGA |
| 082 04 - • NÚMERO DE LA CLASIFICACIÓN DECIMAL DEWEY | |
| Número de clasificación (R) | 611 |
| Número del ítem | C83a8 |
| Número de edición | 20 |
| 245 03 - • TITULO PROPIAMENTE DICHO | |
| Título | El cuerpo humano : |
| Resto del título | manual de identificación : conozca su cuerpo y cómo trabaja / |
| Mención de responsabilidad, etc. | consultor en jefe Ken Ashwell ; editor Roz Hopkins ; ilustradores David Carroll ... [et al.] ; traducción al español Fernando Noguera Arrieta. |
| 300 ## - • DESCRIPCIÓN FÍSICA | |
| Extensión | 304 p. : |
| Otras características físicas | il. ; |
| Dimensiones | 28 cm. |
| 500 ## - • NOTA GENERAL | |
| Nota general | Glosario : p. 288-291. |
| 500 ## - • NOTA GENERAL | |
| Nota general | Incluye índice. |
| 650 14 - • PUNTO DE ACCESO ADICIONAL DE MATERIA - TÉRMINO DE MATERIA | |
| Término de materia o nombre geográfico como elemento inicial | Cuerpo humano |
| Subdivisión de forma | Atlas. |
| 650 14 - • PUNTO DE ACCESO ADICIONAL DE MATERIA - TÉRMINO DE MATERIA | |
| Término de materia o nombre geográfico como elemento inicial | Organos (Anatomía) |
| Subdivisión de forma | Atlas. |
| 650 14 - • PUNTO DE ACCESO ADICIONAL DE MATERIA - TÉRMINO DE MATERIA | |
| Término de materia o nombre geográfico como elemento inicial | Anatomía humana |
| Subdivisión de forma | Atlas. |
| 650 14 - • PUNTO DE ACCESO ADICIONAL DE MATERIA - TÉRMINO DE MATERIA | |
| Término de materia o nombre geográfico como elemento inicial | Fisiología humana |
| Subdivisión de forma | Atlas. |
| 700 1# - • PUNTO DE ACCESO ADICIONAL - NOMBRE DE PERSONA | |
| Nombre de persona | Ashwell, Ken W. S.. |
| 700 1# - • PUNTO DE ACCESO ADICIONAL - NOMBRE DE PERSONA | |
| Nombre de persona | Carroll, David, |
| Término indicativo de función | il. |
| 700 1# - • PUNTO DE ACCESO ADICIONAL - NOMBRE DE PERSONA | |
| Nombre de persona | Hopkins, Roz, |
| Término indicativo de función | ed. |
| 700 1# - • PUNTO DE ACCESO ADICIONAL - NOMBRE DE PERSONA | |
| Nombre de persona | Noguera Arrieta, Fernando, |
| Término indicativo de función | tr. |
| 942 ## - ENTRADA DE ELEMENTOS AGREGADOS (KOHA) | |
| Fuente de clasificaión o esquema | Dewey Decimal Classification |
| Koha [por defecto] tipo de item | LIbro |
| Perdido | Fuente de clasificación o esquema | Estado Físico | No para préstamo | Forma de adquisición | Localización permanente | Localización actual | Fecha adquisición | Préstamos totales | Signatura completa | Código de barras | Fecha última consulta | Fecha último préstamo | Número de copia | Fecha del precio de reemplazo | Tipo de item de Koha |
|---|---|---|---|---|---|---|---|---|---|---|---|---|---|---|---|
| Dewey Decimal Classification | Sala Especializada Tercer Piso | Biblioteca Pública Germán Arciniegas - Villavicencio | Biblioteca Pública Germán Arciniegas - Villavicencio | 09/15/2016 | 2 | 611 C83a8 | 31101 | 10/09/2017 | 09/30/2017 | Ej. 1 | 09/15/2016 | LIbro |